000 00220nam a22000857a 4500
008 170208b xxu||||| |||| 00| 0 eng d
100 _92807
_aJain.L.M
245 _aScheme of Training(Guide wing)
260 _aNew Delhi
_bSB
_c2014
999 _c6022
_d6022